Normal view
MARC view
- Whittaker, E. T.
Entry Personal Name
001 - CONTROL NUMBER
- control field: 39520
003 - CONTROL NUMBER IDENTIFIER
- control field: OSt
005 - DATE AND TIME OF LATEST TRANSACTION
- control field: 20160310151847.0
008 - FIXED-LENGTH DATA ELEMENTS
- fixed length control field: 160310|| aca||aabn | a|a d
040 ## - CATALOGING SOURCE
- Original cataloging agency: OSt
100 1# - HEADING--PERSONAL NAME
- Personal name: Whittaker, E. T.
- Fuller form of name: (Edmund Taylor),
- Dates associated with a name: 1873-1956
400 1# - SEE FROM TRACING--PERSONAL NAME
- Personal name: Whittaker, Edmund Taylor,
- Dates associated with a name: 1873-1956